00488pab a2200145 454500008004000000100001800040245016300058260000900221300001400230362001500244650001500259700002000274700001700294773003100311180718b2010 xxu||||| |||| 00| 0 eng d aLee, Sam Youl aDual faces of ministerial leadership in South Korea: does political responsiveness or administrative responsibility enhance perceived ministerial performance? c2010 ap.77-101. aSupplement aLeadership aHahm, Sung Deuk aMoon, M. Jae aAdministration and Society